| 000 | 01394nam a2200313 c 4500 | ||
|---|---|---|---|
| 003 | BLK | ||
| 005 | 20180422113508.0 | ||
| 008 | 180410b bul|||||r ||||||| ||bul|| | ||
| 010 | _aKNG00164017000 | ||
| 040 | _aBLK | ||
| 041 |
_aBUL _cBUL |
||
| 072 | 7 |
_2bullib _aС _xСтаропечатен фонд |
|
| 080 |
_aФренска литература _b821.133.1 _x-31 _z821.133.1-31 |
||
| 100 | 1 |
_aФереал, Виктор дьо _eпърви автор _9133716 |
|
| 700 | 1 |
_aКуендиас, М. де _e* _985160 |
|
| 700 | 1 |
_aМихайловски, Никола Стоянов _e* _9380238 |
|
| 139 |
_aФереал, В. _bФ 40 |
||
| 245 | 1 | 0 |
_aТайните на инквизицията _b[Ч. 1-2.] / От В. де Фереаля ; Със забележки от М. де Куендиаса ; Превод Н. Михайловскаго _cВиктор дьо Фереал; * М. де Куендиас; * Никола Стоянов Михайловски. _nЧ. 2 |
| 257 | _aFRA | ||
| 260 |
_аЦариград _bН. Тодоров и С. П. Газиев _c1875 - _fЦариград : В печ. на О. Кавафиян |
||
| 380 | _aX | ||
| 659 | _aС | ||
| 760 | 1 |
_aФереал, Виктор дьо _d1877 _h222, [1] с. _tЧ. 2 |
|
| 852 | _aЦб Ст 5283*1793 | ||
| 856 | 4 |
_qpdf _u |
|
| 856 | 4 |
_qpdf _u |
|
| 942 |
_cKNG _n0 |
||
| 944 |
_aCR _c11.08.2014 _kТеодора_Стоянова |
||
| 944 |
_aED _c11.08.2014 _k |
||
| 999 |
_c157076 _d157076 |
||